|
|
|
|
| LEADER |
00000nam a22000007a 4500 |
| 005 |
20160413140035.0 |
| 007 |
cr|||| ||u| |
| 008 |
160413s2016 uy dr|nos|||| 0||| 1spa d |
| 035 |
|
|
|a 13124
|
| 040 |
|
|
|a vLex
|
| 090 |
|
|
|c 5989
|d 5989
|
| 245 |
1 |
0 |
|a Diario Oficial de Uruguay
|h [Recurso electrn̤ico] /
|
| 256 |
|
|
|a Servicio en ln̕ea
|
| 260 |
|
|
|a Uruguay
|c 2016
|
| 300 |
|
|
|a 1 recurso electrn̤ico
|
| 506 |
1 |
|
|a Contenido solo disponible en los productos indicados
|d vLex Global
|d vLex Global (Academic Edition, excluding Law Schools)
|d vLex Global (U.S. Academic Edition, Law Schools)
|d vLex Global (U.S. Academic Edition, excluding Law Schools)
|d vLex Global (Academic Edition, Law Schools)
|
| 650 |
0 |
4 |
|a Diario
|z Uruguay
|
| 740 |
0 |
|
|a vlex revistas (servicio en ln̕ea)
|
| 856 |
4 |
0 |
|u http://vlex.com/source/13124/section/002
|z Acceso restringido
|
| 942 |
|
|
|c LG
|
| 999 |
0 |
|
|a Newspaper
|b Uruguay
|